000 00362nam a2200157Ia 4500
003 OSt
005 20240221115314.0
008 170524s9999 xx 000 0 und d
020 _a978-0077178239
040 _cIIMT UNIVERSITY
100 _aJORDAN- BRADFORD
100 _c2012
245 0 _aFUNDAMENTALS OF CORPORATE FINANCE
260 _aTMH
942 _2ddc
_c01
999 _c2951
_d2951